|
|
|
|
| LEADER |
00000cam a2200000 a 4500 |
| 001 |
MV-36 |
| 003 |
Ucuenca |
| 005 |
20230308194825.0 |
| 008 |
006121|2004 ec |||||r|||||||||||spa|| |
| 040 |
|
|
|b spa
|
| 041 |
0 |
|
|a es
|
| 082 |
1 |
|
|a .
|
| 100 |
1 |
|
|a Galarza Pesántez, Rommy Leonardo
|9 155818
|
| 245 |
|
|
|a Principios de cirugía en la ganadería
|c Rommy Leonardo Galarza Pesántez. Director Francisco Jaramillo Guzmán
|h imp
|
| 264 |
|
|
|a Cuenca
|c 2004
|b s.e
|
| 300 |
|
|
|a 67 páginas:
|b ilu
|c 30 cm
|
| 502 |
|
|
|a Doctor en Medicina Veterinaria y Zootecnia
|b Universidad de Cuenca
|c agro
|d Jaramillo Guzmán, Francisco, dir.
|
| 520 |
3 |
|
|a La cirugía en Medicina Veterinaria y en especial dentro de una explotación ganadera juega un papel muy importante ya sea desde el punto de vista estético o con el fín de dar solución a los diferentes problemas de tipo quirúrgigo
|
| 650 |
|
|
|a Cirugía en ganaderia
|9 155819
|
| 650 |
|
|
|a Ganadería cirugia
|9 155820
|
| 852 |
|
|
|a UC-YANUNCAY
|f Donación
|l 1
|m Limitada
|p 20061213
|q 5,00
|t MV-36
|b 1
|d CDRY
|e CDRY
|g Si012 SALA 1 AGROPECUARIAS
|z 2006-61-21
|
| 942 |
|
|
|c TS
|2 ddc
|r patricia.tenesaca@ucuenca.edu.ec
|
| 999 |
|
|
|c 87367
|d 87367
|